000
00335nam a2200133Ia 4500
008
220204s9999 xx 000 0 und d
082
_a
633.2
_b
HEA
100
_a
HEATH, Maurice E
245
0
_a
Forages: The science of grassland agriculture
250
_a
Ed.3
260
_a
USA
_b
Iowa State Uty
650
_a
Forage grass
942
_c
BK
999
_c
34788
_d
34788